Georama : enciclopedia geográfica /

Guardado en:
Formato: Libro
Publicado: Buenos Aires : Codex, 1967
Materias:
Etiquetas: Agregar Etiqueta
Sin Etiquetas, Sea el primero en etiquetar este registro!
LEADER 00480nam a22001695a 4500
001 CEM.cems000152
005 20060209000000.0
008 130507s1967##################000#0#####d
003 CEMS
082 0 4 |a 910 
245 0 0 |a Georama :  |b enciclopedia geográfica / 
260 |a Buenos Aires :  |b Codex,  |c 1967 
300 |a s. 
500 |a Contenido: Indice de top¢nimos.- (geoatlas).- 
653 |a Geografia 
653 |a Toponimos 
859 |a CEMS  |b BIB. CEMS - 11 de abril  |h 910  |i G293/IX  |p 1966.74  |t Ej.1